000 01040nam a22002417a 4500
008 130918t mx||||| |||| 00| 0 spa d
020 _a9703212816 (Obra completa)
020 _a9703212824 (V.1.)
020 _a9703212832 (V.2)
050 0 4 _aLB675 .F47
_bH47 2003
100 1 _aHernández García, Jesús
245 _aFernández de Lizardi. Un educador para un pueblo :
_bla educación en su obra priodística y narrativa /
_cJesús Hernández García
250 _a1a ed.
260 _aMéxico :
_bUniversidad Nacional Autónoma de México : Universidad Pedagógica Nacional,
_c2003
300 _a2v. :
_bil. ;
_c23 cm.
440 0 _aColección : Historia, Ciudadanía y Magisterio ;
_v2
504 _aBibliografía : p. 1051-1069 e índice
600 1 4 _aFernandez de Lizardi, Jose Joaquin,
_d1776-1827
_xPuntos de vista sobre la Educación
650 4 _aEducación
_zMéxico
_xHistoria
_ySiglo XIX
650 4 _aEducación
_zMéxico
_xArticulos periodisticos
650 4 _aEducación e la literatura
942 _2lcc
_cLIB
999 _c41681
_d41681